Estadísticas para Top 10 ciudades más grandes en cada país de América del Sur

Haz click aquí para intentar la prueba.

Estadísticas generales

  • Esta prueba ha sido intentada 161 veces
    (151 desde el último reinicio)
  • La puntuación promedio es 38 de 94

Estadísticas de respuestas

% Correcto
Argentina15.172.700Buenos Aires
98%
Colombia7.715.800Bogotá
96%
Uruguay1.304.687Montevideo
96%
Bolívia758.845La Paz
95%
Peru10.795.500Lima
95%
Chile6.160.040Santiago
95%
Brasil6.747.820Rio de Janeiro
94%
Brasil12.214.440São Paulo
94%
Brasil2.950.600Brasília
93%
Venezuela2.087.700Caracas
93%
Ecuador1.607.734Quito
93%
Colombia2.490.200Medellín
90%
Bolívia238.798Sucre
88%
Argentina1.612.100Córdoba
85%
Colombia2.205.700Cali
81%
Ecuador2.278.691Guayaquil
76%
Argentina1.339.500Rosario
75%
Colombia1.273.600Barranquilla
71%
Chile901.468Valparaíso
69%
Argentina1.053.500Mendoza
67%
Guayana118.369Georgetown
63%
Colombia536.400Bello
61%
Colombia914.600Cartagena
60%
Venezuela2.262.600Maracaibo
60%
Bolívia1.422.396Santa Cruz de la Sierra
60%
Argentina902.200San Miguel de Tucumán
58%
Peru1.081.900Arequipa
55%
Brasil1.653.460Recife
55%
Brasil2.686.610Fortaleza
54%
Argentina852.800La Plata
54%
Suriname240.924Paramaribo
54%
Argentina540.200Santa Fe
54%
Brasil2.521.560Belo Horizonte
53%
Brasil2.885.910Salvador
51%
Bolívia632.013Cochabamba
49%
Argentina626.300Mar del Plata
49%
Argentina644.400Salta
49%
Chile352.638Antofagasta
48%
Peru477.300Cusco
47%
Colombia597.300Bucaramanga
46%
Brasil1.948.630Curitiba
44%
Brasil2.208.330Manaus
42%
Argentina512.000San Juan
39%
Bolívia176.022Potosí
38%
Peru986.800Trujillo
38%
Chile722.929Concepción
36%
Venezuela1.585.500Valencia
35%
Paraguay301.800Ciudad del Este
31%
Chile204.078Arica
30%
Uruguay104.011Salto
29%
Chile294.949Iquique
27%
Peru422.900Iquitos
27%
Venezuela1.089.100Barquisimeto
25%
Venezuela425.000Ciudad Bolívar
25%
Venezuela454.200Barcelona
24%
Ecuador329.928Cuenca
24%
Bolívia846.880El Alto
24%
Peru522.400Piura
24%
Chile278.513Temuco
24%
Bolívia264.943Oruro
23%
Colombia748.900Cúcuta
22%
Peru651.100Chiclayo
21%
Peru441.400Huancayo
21%
Venezuela464.700Maracay
21%
Bolívia179.561Tarija
20%
Brasil1.530.290Goiânia
19%
Chile401.938La Serena
19%
Paraguay522.300Asunción
17%
Venezuela893.400Ciudad Guayana
17%
Chile290.864Rancagua
17%
Ecuador217.553Manta
16%
Chile237.295Talca
15%
Paraguay256.100Luque
14%
Peru386.100Chimbote
13%
Ecuador170.280Loja
13%
Ecuador165.185Ambato
11%
Ecuador231.260Machala
11%
Paraguay257.500San Lorenzo
9%
Venezuela508.200Maturín
8%
Ecuador270.875Santo Domingo de los Colorados
8%
Colombia749.000Soacha
8%
Paraguay176.900Fernando de la Mora
7%
Peru380.000Pucallpa
7%
Ecuador206.682Porto Viejo
5%
Colombia664.100Soledad
5%
Paraguay236.800Capiatá
4%
Paraguay145.700Limpio
4%
Paraguay139.700Ñemby
4%
Venezuela441.700Petare
4%
Ecuador230.839Durán
3%
Bolívia150.110Sacaba
3%
Paraguay179.800Lambaré
2%
Paraguay103.800Mariano Roque Alonso
2%
Bolívia117.859Quillacollo
2%

Distribución de puntuación

Porcentaje por número respondido

Porcentaje de gente con cada puntuación

Historial de tus puntuaciones

No has intentado esta prueba desde el último reinicio